Представление документа в формате RUSMARC

ПолеНазваниеЗначение
  Тип записи a
  Библиографический уровень m
001 Контрольный номер ff8f1ba3a8e74497973734504121f7b0
005 Дата корректировки 20180510125429.3
010 Индекс ISBN __
d Цена 10,40
101 Язык документа 0_
a Язык текста rus
102 Страна публикации __
a Страна публикации RU
200 Заглавие и сведения об ответственности 1_
a Заглавие Оценка бизнеса и управление стоимостью предприятия (организации)
e Сведения, относящиеся к заглавию методические указания к практическим занятиям и самостоятельной работе для всех форм обучения направления бакалавриата 38.03.01 "Экономика"
f Первые сведения об ответственности Рос. ун-т кооп., Чебоксар. кооп. ин-т (филиал)
g Последующие сведения об ответственности сост.: Ю. В. Павлова
b Общее обозначение материала Текст
210 Выходные данные 1_
a Место издания Чебоксары
c Издательство [б. и.]
d Дата издания 2016
215 Физическое описание __
a Объем 48 с.
300 Общие примечания __
a Общие примечания МЗ-1
610 Ключевые слова 0_
a Ключевые слова ЭБ ЧКИ
a Ключевые слова бакалавриат Экономика
686 Индексы других классификаций __
a Классификационный индекс У290-933
702 Вторичная интеллектуальная ответственность _1
a Фамилия Павлова
b Имя Ю. В.
4 Код отношения 220
e Роль лиц Составитель
712 Наименование организации (Вторичная ответственность) 02
a Организация/ юрисдикция Рос. ун-т кооп.
b Другие уровни Чебоксар. кооп. ин-т (филиал)
801 Источник записи _0
a Страна RU
b Организация РУК
g Правила каталогизации PSBO
801 Источник записи _1
a Страна RU
b Организация РУК
g Правила каталогизации PSBO
852 Данные о местонахождении __
i Авторский знак О-93
j Шифр хранения У290
900 Электронные ресурсы __
a Имя электронного ресурса pavlova_ocenka_biznesa_MU_srs_EKb
901 Тип документа __
t Тип документа m
914 Внутривузовские издания __
a Внутривузовские издания Чебоксарский филиал
937 Технологическая информация __
a Создатель записи (имя) Смирнова
938 Служебная информация __
a Название организации Чебоксарский филиал
952 Тип литературы __
c Вид литературы учебно-методическое издание